[Event "FISCA Online op"]
[Site "Chess.com INT"]
[Date "2020.06.23"]
[Round "5"]
[White "Siretanu, Vladislav"]
[Black "Jaiveer, Mahendru"]
[Result "0-1"]
[WhiteElo "1317"]
[BlackElo "1695"]
[PlyCount "88"]
[EventDate "2020.06.19"]
[EventType "swiss"]
[EventRounds "9"]
[EventCountry "ROU"]
[SourceTitle "CBM 197 Extra"]
[Source "ChessBase"]
[SourceDate "2020.09.30"]
[SourceVersion "1"]
[SourceVersionDate "2020.09.30"]
[SourceQuality "1"]

1. e4 c5 2. Nf3 d6 3. d4 cxd4 4. Nxd4 Nf6 5. f3 e5 6. Nb3 d5 7. exd5 Qxd5 8. Qxd5 Nxd5 9. Bd3 Nb4 10. Be4 f5 11. a3 fxe4 12. axb4 exf3 13. gxf3 Bxb4+ 14. c3 Be7 15. Rg1 0-0 16. Ke2 Be6 17. N1d2 Rf4 18. Ke3 a5 19. Ke2 a4 20. Ne4 Bc4+ 21. Kf2 Rxe4 22. fxe4 Bxb3 23. Ke2 Bc4+ 24. Kd1 Nc6 25. Bg5 Rf8 26. Bxe7 Nxe7 27. Kc1 b5 28. Ra3 Rf4 29. Rg2 Rxe4 30. Rf2 Nd5 31. Kd2 Rf4 32. Rxf4 exf4 33. Ra1 Kf7 34. Rg1 f3 35. Ke1 Nf4 36. Rh1 Nh3 37. b3 f2+ 38. Kd2 Ng1 39. Rxg1 fxg1Q 40. bxc4 bxc4 41. Kc2 a3 42. h3 a2 43. Kd2 a1Q 44. Ke2 Qad1# 0-1